LEADER 01057nam0 2200265 450 001 000027085 005 20100218151818.0 010 $a978-88-324-6139-8 100 $a20100218d2009----km-y0itay50------ba 101 0 $aita 102 $aIT 105 $ay-------001yy 200 1 $aCantieri$ecome fare per essere in regola con gli adempimenti in materia di ambiente$fFabio Fortunati, Anna Ranzoni 210 $aMilano$cIl Sole 24 ore$dc2009 215 $a130 p.$d24 cm$eCd-Rom 500 10$aCantieri : come fare per essere in regola con gli adempimenti in materia di ambiente$942243 610 1 $aCantieri edili$aSicurezza 676 $a344.450465$v20$9Diritto in materia di tutela ambientale. Igiene e sicurezza del lavoro. Italia 700 1$aFortunati,$bFabio$0504794 701 1$aRanzoni,$bAnna$0509964 801 0$aIT$bUNIPARTHENOPE$c20100218$gRICA$2UNIMARC 912 $a000027085 951 $a344-C/9$b42055$cNAVA1$d2010 996 $aCantieri : come fare per essere in regola con gli adempimenti in materia di ambiente$942243 997 $aUNIPARTHENOPE LEADER 01647nam0 22003493i 450 001 PAV0035916 005 20251003044309.0 010 $a9788860140524 100 $a20120201d2011 ||||0itac50 ba 101 | $aita 102 $ait 181 1$6z01$ai $bxxxe 182 1$6z01$an 200 1 $a1. rapporto sugli ingegneri in Italia$e17 febbraio 2011, Roma, teatro Capranica$f[Emanuele Palumbo e Antonello Pili$gcon il coordinamento di Massimiliano Pittau] 210 $aRoma$cCentro studi Consiglio nazionale ingegneri$d2011 215 $a65 p.$cill.$d30 cm 300 $aIn testa al front.: Centro Studi Consiglio Nazionale Ingegneri 606 $aIngegneri$xProfessione$xItalia$2FIR$3BMTC081890$9I 676 $a620.0023$9Ingegneria e attivitā affini. Il soggetto come professione, occupazione, passatempo$v14 676 $a620.002345$9INGEGNERIA E ATTIVITĀ AFFINI. Il soggetto come professione. Italia$v22 700 1$aPalumbo$b, Emanuele$c $3UFIV143119$4070$0338846 701 1$aPittau$b, Massimiliano$3SGEV005734$4070$0334103 702 1$aPili$b, Antonello$3MILV305613$4340 801 3$aIT$bIT-000000$c20120201 850 $aIT-BN0095 $aIT-NA0079 901 $bNAP 01$cSALA DING $n$ 901 $bNAP BN$cMISC. $nLa consegna dei documenti č effettuata dall'Ufficio Distribuzione 912 $aPAV0035916 950 0$aBiblioteca Centralizzata di Ateneo$b1 v.$c1 v.$d 01SALA DING 620.0023 PAL.ra$e 0102 0000084495 VMA A4 1 v.$fY $h20110429$i20130701 977 $a 01$a BN 996 $a1. rapporto sugli ingegneri in Italia$9104381 997 $aUNISANNIO